Filosofía de la ciencia natural

محفوظ في:
التفاصيل البيبلوغرافية
المؤلف الرئيسي: Hempel, Carl G (مؤلف)
التنسيق: كتاب
اللغة:الإسبانية
منشور في: Madrid Alianza 1973
سلاسل:Colección Alianza Universidad, 47
الموضوعات:
الوسوم: إضافة وسم
لا توجد وسوم, كن أول من يضع وسما على هذه التسجيلة!

MARC

LEADER 00000nam a2200000 a 4500
001 UCP5171
003 CL-VaPUC
008 990903e19730000SP |||||||||||||||||spa|d
082 0 4 |a 501  |b HEM  |2 21 
100 |a Hempel, Carl G  |e author  |9 462992 
245 1 0 |a Filosofía de la ciencia natural 
300 |a 168 p 
942 |c BK 
945 |d 19990903 00:00:00  |a rbrito 
260 |a Madrid  |b Alianza  |c 1973 
650 0 |a Filosofía de las ciencias  |9 256466 
650 0 |a Investigación científica  |9 259857 
583 |a last modification  |c 19990903 00:00:00  |k Rodrigo Vera 
490 0 |a Colección Alianza Universidad, 47 
999 |c 282963  |d 282961 
952 |0 0  |1 0  |4 0  |6 501_000000000000000_HEM_1973  |7 0  |8 A  |9 325662  |a FDOPOS  |b FDOPOS  |d 2019-11-20  |i 3546152  |o 501 HEM 1973  |p 3546152  |r 2025-01-22  |w 2019-11-20  |y BK  |k MLA